Religion Quiz

Random Religion or Bible Quiz

Bible Book Isograms Quiz Stats

 Plays Quiz Updated May 5, 2016

Challenge
Share
Tweet
Embed
Score 0/24 Timer 05:00
0 Plays Today
Book % Correct
John; 1, 2, and 3 John
94.3%
Luke
92.5%
Mark
91.8%
Exodus
89%
Ruth
84.9%
Numbers
83%
Acts
79.6%
Job
79.5%
1 and 2 Kings
71.9%
Romans
69.6%
Judges
65.7%
Joshua
63.8%
Book % Correct
1 and 2 Samuel
62.3%
Jude
58.7%
Daniel
58.2%
Ezra
57.5%
Jonah
55.3%
James
55.1%
Amos
50.6%
Micah
49.5%
Hosea
46.4%
Joel
44.9%
Philemon
43.2%
Nahum
41%

You're not logged in!

Compare scores with friends on all Sporcle quizzes.
Join for Free
OR
Log In

You Might Also Like...

Show Comments

Extras

Top Quizzes Today


Score Distribution

Your Account Isn't Verified!

In order to create a playlist on Sporcle, you need to verify the email address you used during registration. Go to your Sporcle Settings to finish the process.

Report this User

Report this user for behavior that violates our Community Guidelines.

Details: